Регионална библиотека "Любен Каравелов" - Русе

Древните изобретения (Запис номер 20245)

MARC детайли
000 -Лидер
Контролно поле с фиксирана дължина 01697nam a2200385 c 4500
003 - Код на организацията, давaща контролен номер
Контролно поле BLK
005 - Дата и час на последна редакция
Контролно поле 20230311095708.0
008 - Елементи от данни с фиксирана дължина
fixed length control field 180413b bul|||||r ||||||| ||bul||
010 ## - Наследен системен номер
LC control number KNG00022451000
020 ## - Международен стандартен номер на книга ISBN
Международен стандартен номер на книга ISBN 954-9513-29-7
-- издат.: Мириам - на том
040 ## - Източник на каталожния запис
Идентификатор на билиотеката - собственик на записа BLK
041 ## - Код за език
Код за езика на текст/звукозапис или на отделно заглавие Български
Код за езика КДБФ Български
080 ## - УДК
Текстов определител УДК Наука. Наукознание. Организация на умствения труд
УДК код - определител по УДК 001
УДК определител (091)(031)
УДК - код + определител 001(091)(031)
100 1# - Редна дума - Автор
Автор Джеймс, Питър
Авторска отговорност първи автор
R(LIN) 264588
139 ## - Редно поле
Редна дума Джеймс, Питър и др.
Авторски знак Дже - Д 50
245 10 - Сведения за заглавието
Заглавие Древните изобретения
Подзаглавни данни Ил. енциклопедия : В 2 т.
Редно поле (дума) Питър Джеймс; съавт. Ник Торп; прев. от англ. Евгени Александров.
Том Т. 1
257 ## - Страна на издаване
Страна на създаване/издаване Великобритания
260 ## - Област на издателските данни
-- София
Година на издаване 1998 -
Печатница Враца : Полипринт ЕАД
300 ## - Физическа характеристика
Размери/Мащаб 24 см
380 ## - Жанр
Жанр Общ отдел
500 ## - Общи забележки
Забележка Ориг. загл. Ansient inventions / Peter James, Nick Thorpe. - 1 120 тир. СПЕЦ. ФОНД - Ч
650 #4 - Допълнително описание по предмет – тема
Основно описание – тема или топоним Изобретения - история
9 (RLIN) 244564
650 #4 - Допълнително описание по предмет – тема
Основно описание – тема или топоним Научни открития - история
9 (RLIN) 244174
653 ## - Ключова дума – ненормативна
Ключова дума изобретения
653 ## - Ключова дума – ненормативна
Ключова дума научни открития
653 ## - Ключова дума – ненормативна
Ключова дума енциклопедии
700 1# - Други автори (авторска отговорност)
Лично име Торп, Ник
Автороска отговорност (Описва отношението между автора и произведението) съавт.
9 (RLIN) 264589
700 1# - Други автори (авторска отговорност)
Лично име Александров, Евгени
Автороска отговорност (Описва отношението между автора и произведението) прев. от англ.
9 (RLIN) 363652
760 1# - Описание на основната серия
-- - на том
Редна дума на основното описание Джеймс, Питър
Място на издаване, издател и година Мириам, 1998
Страници - том 360 с. : с ил.
Заглавие Т. 1
852 ## - Местоположение
Форматна сигнатура Цб 195906
856 4# - Електронен адрес и достъп
Електронен формат pdf - файл
Път до файла /url/
856 4# - Електронен адрес и достъп
Електронен формат pdf - файл
Път до файла /url/
942 ## - АРТИКУЛИ
Вид на библиотечния материал Книги
Скрит в OPAC Не
Koha issues (borrowed), all copies 1
944 ## - СЪЗДАВАНЕ И РЕДАКЦИЯ на ЗАПИСА
Създаване/Редакция Създаване
Дата на регистрацията/редакция 15.01.2003
Служител, извършил регистрацията/редакцията Геновева_Генчева
944 ## - СЪЗДАВАНЕ И РЕДАКЦИЯ на ЗАПИСА
Създаване/Редакция Редакция
Дата на регистрацията/редакция 22.10.2007
Служител, извършил регистрацията/редакцията
999 ## - СИСТЕМНИ КОНТРОЛНИ НОМЕРА
Koha biblionumber 20245
Koha biblioitemnumber 20245
Наличности
Код за отписване Код за изгубен артикул Източник на класификационната схема Код за повреда Коз за рестрикции Код за отдаване Артикулен № Име на библиотеката - собственик Име на библиотеката, в която се намира в момента Статус (Текущо местоположение) Дата на вписване в системата Местоположение - отдел Цена в лева Инвентарен номер Систематично азбучна сигнатура Баркод Номер на екземпляра Цена в евро Служебна бележка Служебен тип на артикула
  Не е изгубен Universal Decimal Classification Не е повреден без рестрикции ползва се в читалня 33601 Регионална библиотека "Любен Каравелов" Русе Регионална библиотека "Любен Каравелов" Русе Хранилище 2001-01-01 Хранилище 0.00 640791 Цб 195906 120000640791 1 0.00 Дост: Dp Вид: Д N: 37 Дата: 01.01.1998 Книги
  Не е изгубен Universal Decimal Classification Не е повреден без рестрикции заемане за дома 33602 Регионална библиотека "Любен Каравелов" Русе Регионална библиотека "Любен Каравелов" Русе Детски отдел 2002-12-20 Детски отдел 12.00 120000674099 ДН 0/Д 50 120000674099 2 6.14 Дост: Pk Вид: Ф N: 8602 Дата: 19.12.2002 Дата инв: 25.08.2015 Бележки инв: Д2015 Книги
  Не е изгубен Universal Decimal Classification Не е повреден без рестрикции ползва се в читалня 33603 Регионална библиотека "Любен Каравелов" Русе Регионална библиотека "Любен Каравелов" Русе Читалня 1998-01-01 Читалня 12.00 638627 Ч 001/Д 50 120000638627 3 6.14 Дост: Pk Вид: Ф N: стар фонд Дата: 01.01.1998 Дата инв: 21.03.2017 Бележки инв: Ч2017 Книги
  Не е изгубен Universal Decimal Classification Не е повреден без рестрикции заемане за дома 33604 Регионална библиотека "Любен Каравелов" Русе Регионална библиотека "Любен Каравелов" Русе Детски отдел 1998-01-01 Детски отдел 12.00 638628 ДН 0/Д 50 120000638628 4 6.14 Дост: Pk Вид: Ф N: стар фонд Дата: 01.01.1998 Дата инв: 25.08.2015 Бележки инв: Д2015 Книги
  Не е изгубен Universal Decimal Classification Не е повреден без рестрикции заемане за дома 33605 Регионална библиотека "Любен Каравелов" Русе Регионална библиотека "Любен Каравелов" Русе Заемна - подръчен фонд 1998-01-01 Заемна - подръчен фонд 0.01 649962 П 001/Д 50 120000649962 5 0.01 Дост: Pk Вид: Ф N: стар фонд Дата: 01.01.1998 Дата инв: 01.02.2018 Бележки инв: П2018 Книги
Vip Innovations Ltd, Rousse, Bulgaria 2025